000 01040nam a22002537a 4500
005 20170124103216.0
010 _aB-073763
020 _c100.00
035 _aB-073763
037 _bCen Lib/Ret
040 _aDPL
_bHN
082 _a133.335
_bसेफेरि
100 _aसेफेरियल
_9107517
245 _aअंक विद्या रहस्य /
_cसेफेरियल
246 _aAnk vidya rahasya
_bby Seferiyal
260 _aनई दिल्ली
_bरंजन पब्लिकेशन
_c2001
270 _a16, अंसारी रोड दरिया गंज
_bनई दिल्ली
_e110002
300 _a143पृष्ठ
_c21सेमी(सजिल्द)
650 _aज्योतिष शास्त्र
_9107518
650 _aअंक तथा उनके चरित्र गुण
_999391
650 _aAstrology
_95898
650 _aPoints and their character traits
_999392
942 _2ddc
_cHN
_h133.335
_mसेफेरि
999 _c121561
_d121561